Проектирование двигателя-маховика, содержащего волновой редуктор с промежуточными телами качения; Неразрушающий контроль: электронное приборостроение, технологии, безопасность; Т. 2

Podrobná bibliografie
Parent link:Неразрушающий контроль: электронное приборостроение, технологии, безопасность: сборник трудов IV Всероссийской научно-практической конференции студентов, аспирантов и молодых учёных, Томск, 26-30 мая 2014 г./ Национальный исследовательский Томский политехнический университет (ТПУ).— , 2014
Т. 2.— 2014.— [С. 37-40]
Hlavní autor: Поляков М. В.
Korporativní autor: Национальный исследовательский Томский политехнический университет
Další autoři: Полякова А. В. (научный руководитель), Дмитриев В. С. Виктор Степанович
Shrnutí:Заглавие с титульного листа.
Jazyk:ruština
Vydáno: 2014
Edice:Проблемы космического приборостроения
Témata:
On-line přístup:http://www.lib.tpu.ru/fulltext/c/2014/C36/V2/011.pdf
Médium: MixedMaterials Elektronický zdroj Kapitola
KOHA link:https://koha.lib.tpu.ru/cgi-bin/koha/opac-detail.pl?biblionumber=609340

MARC

LEADER 00000naa2a2200000 4500
001 609340
005 20251224152322.0
035 |a (RuTPU)RU\TPU\conf\6787 
035 |a RU\TPU\conf\6786 
090 |a 609340 
100 |a 20141107d2014 k y0rusy50 ca 
101 0 |a rus 
102 |a RU 
105 |a y z 101zy 
135 |a drcn ---uucaa 
181 0 |a i  
182 0 |a b 
200 1 |a Проектирование двигателя-маховика, содержащего волновой редуктор с промежуточными телами качения  |f М. В. Поляков, А. В. Полякова  |g науч. рук. В. С. Дмитриев 
203 |a Текст  |c электронный 
215 |a 1 файл (674 Кб) 
225 1 |a Проблемы космического приборостроения 
300 |a Заглавие с титульного листа. 
320 |a [Библиогр.: с. 40 (1 назв.)] 
337 |a Adobe Reader 
461 1 |0 (RuTPU)RU\TPU\conf\6241  |t Неразрушающий контроль: электронное приборостроение, технологии, безопасность  |o сборник трудов IV Всероссийской научно-практической конференции студентов, аспирантов и молодых учёных, Томск, 26-30 мая 2014 г.  |o в 2 т.  |f Национальный исследовательский Томский политехнический университет (ТПУ)  |d 2014 
463 1 |0 (RuTPU)RU\TPU\conf\6244  |t Т. 2  |v [С. 37-40]  |d 2014 
610 1 |a труды учёных ТПУ 
610 1 |a электронный ресурс 
610 1 |a двигатель-маховик 
610 1 |a проектирование 
610 1 |a волновые редукторы 
610 1 |a тела качения 
610 1 |a электрические двигатели 
700 1 |a Поляков  |b М. В. 
701 1 |a Полякова  |b А. В. 
702 1 |a Дмитриев  |b В. С.  |c специалист в области точного приборостроения  |c доктор технических наук, профессор Томского политехнического университета, зав. кафедрой точного приборостроения (ТПС) ЭФФ  |f 1940-  |g Виктор Степанович  |4 727 
712 0 2 |a Национальный исследовательский Томский политехнический университет  |c (2009- )  |9 26305 
801 1 |a RU  |b 63413507  |c 20090623  |g PSBO 
801 2 |a RU  |b 63413507  |c 20141120  |g PSBO 
856 4 |u http://www.lib.tpu.ru/fulltext/c/2014/C36/V2/011.pdf 
942 |c BK